Information technology for participatory development
Đã lưu trong:
| Format: | Bog |
|---|---|
| Sprog: | Undetermined |
| Udgivet: |
Darya Ganj, New Delhi
Ess Ess Publications
2003
|
| Fag: | |
| Tags: |
Tilføj Tag
Ingen Tags, Vær først til at tagge denne postø!
|
| Thư viện lưu trữ: | Trung tâm Học liệu Trường Đại học Cần Thơ |
|---|
| LEADER | 00622nam a2200193Ia 4500 | ||
|---|---|---|---|
| 001 | CTU_124775 | ||
| 008 | 210402s9999 xx 000 0 und d | ||
| 020 | |c 56.00 | ||
| 082 | |a 020.285 | ||
| 082 | |b N158 | ||
| 245 | 0 | |a Information technology for participatory development | |
| 245 | 0 | |c Edited by R. Raman Nair | |
| 260 | |a Darya Ganj, New Delhi | ||
| 260 | |b Ess Ess Publications | ||
| 260 | |c 2003 | ||
| 650 | |a Technological innovations,Information technology,Library science | ||
| 650 | |x Technological innovations,Information services | ||
| 904 | |i Minh | ||
| 980 | |a Trung tâm Học liệu Trường Đại học Cần Thơ | ||